Fiscal federalism in theory and practice

Saved in:
Bibliographic Details
Other Authors: Ter-Minassian, Teresa
Format: Book
Language:English
Published: Washington, D.C. IMF 1997
Subjects:
Tags: Add Tag
No Tags, Be the first to tag this record!

MARC

LEADER 00000nam$a2200000$$$4500
001 0014195
005 20240104132519.3
020 |a 1-55775-663-5 
041 0 |a eng 
044 |a US 
245 1 0 |a Fiscal federalism in theory and practice  |c Teresa Ter-Minassian editor 
264 1 |a Washington, D.C.  |b IMF  |c 1997 
300 |a 701 s. 
610 2 0 |a politika fiškálna 
610 2 0 |a financie verejné 
610 2 0 |a správa daňová 
610 2 0 |a rozpočet štátny 
610 2 0 |a porovnanie medzinárodné 
610 2 0 |a svet 
700 1 |a Ter-Minassian, Teresa